书目信息 |
| 题名: |
体育社会学教程
|
|
| 作者: | 吕树庭 , 卢元镇 编著 | |
| 分册: | ||
| 出版信息: | 北京 高等教育出版社 1995.4 |
|
| 页数: | 219页 | |
| 开本: | 19cm | |
| 丛书名: | ||
| 单 册: | ||
| 中图分类: | G80-05 | |
| 科图分类: | ||
| 主题词: | 体育--关系 | |
| 电子资源: | ||
| ISBN: | 7-04-005145-1 | |
| 000 | 00553nam0 2200193 45 | |
| 001 | 0011200959 | |
| 005 | 20070718160232.90 | |
| 010 | @a7-04-005145-1@dCNY7.30 | |
| 100 | @a20001120d1995 km y0chiy0120 ea | |
| 101 | 0 | @achi |
| 200 | 1 | @a体育社会学教程@ATi Yu She Hui Xue Jiao Cheng@f吕树庭,卢元镇编著@FLu Shu Ting,Lu Yuan Zhen Bian Zhu |
| 210 | @a北京@c高等教育出版社@d1995.4 | |
| 215 | @a219页@d19cm | |
| 606 | 0 | @a体育@x关系 |
| 690 | @aG80-05@v1 | |
| 701 | 0 | @a吕树庭@4编著 |
| 701 | 0 | @a卢元镇@4编著 |
| 801 | @aCN@bTSTC@c20070718 | |
| 905 | @dG80-05@e106 | |
| 体育社会学教程/吕树庭,卢元镇编著.-北京:高等教育出版社,1995.4 |
| 219页;19cm |
| ISBN 7-04-005145-1:CNY7.30 |
| ● |
| 相关链接 |
|
|
|
|
正题名:体育社会学教程
索取号:G80-05/106
 
预约/预借
| 序号 | 登录号 | 条形码 | 馆藏地/架位号 | 状态 | 备注 |
| 1 | 0293017 | 002930172 | 第四借阅区/ [索取号:G80-05/106] | 在馆 | |
| 2 | 0293018 | 002930181 | 密集书库/ [索取号:G80-05/106] | 在馆 | |
| 3 | 0293019 | 002930190 | 第四借阅区/ [索取号:G80-05/106] | 在馆 | |
| 4 | 0293020 | 002930207 | 密集书库/ [索取号:G80-05/106] | 在馆 | |
| 5 | 0293021 | 002930216 | 第一样本阅览室/ [索取号:G80-05/106] | 在馆 | |
| 6 | 0767193 | 207671937 | 密集书库/ [索取号:G80-05/106] | 在馆 |